Interní komunikace v době koronakrize

Nároky na internú komunikáciu sa v dobe koronakrízy mnohonásobne zvýšili. Ako sa s touto novou situáciou vysporiadali firmy, ktoré majú tisícky zamestnancov.

Uložené v:
Podrobná bibliografia
Hlavný autor: Vaníčková, Lucie
Médium: Kapitola
Jazyk:Czech
Predmet:
Tagy: Pridať tag
Žiadne tagy, Buďte prvý, kto otaguje tento záznam!

MARC

LEADER 00000naa a2200000 4500
001 0264151
005 20200612131612.3
041 0 |a cze 
044 |a CZ 
245 1 0 |a Interní komunikace v době koronakrize  |c Lucie Vaníčková 
520 |a Nároky na internú komunikáciu sa v dobe koronakrízy mnohonásobne zvýšili. Ako sa s touto novou situáciou vysporiadali firmy, ktoré majú tisícky zamestnancov. 
610 2 0 |a kríza 
610 2 0 |a firmy 
610 2 0 |a komunikácia interná 
610 2 0 |a komunikácia elektronická 
610 2 0 |a podmienky pracovné 
610 2 0 |a podnik výrobný 
610 2 0 |a priemysel automobilový 
100 1 |a Vaníčková, Lucie